Vista normal Vista MARC

Entrada Nombre personal

Número de registros utilizados en: 1

001 - NÚMERO DE CONTROL

  • Campo de control: 10900

003 - IDENTIFICADOR DE NÚMERO DE CONTROL

  • Campo de control: OSt

005 - FECHA Y HORA DE LA ULTIMA MODIFICACION

  • Campo de control: 20131210153328.0

008 - ELEMENTOS DE DATOS DE LONGITUD FIJA

  • Campo de longitud fija: 131210|| aca||aabn | a|a d

040 ## - FUENTE DE LA CATALOGACIÓN

  • Agencia original de catalogación: OSt

082 ## - NÚMERO DE LA CLASIFICACION DEWEY

  • Número de clasificación: 230

100 10 - ENCABEZAMIENTO--NOMBRE DE PERSONA

  • Nombre personal: Mouroux, Jean
  • Fechas asociadas a un nombre: 1901-1973‏

670 ## - FUENTE DE DATOS ENCONTRADOS

  • Fuente de citación: Library of Congress Authorities, 10-12-2013